Normal view MARC view
  • Parrington, Vernon Louis,

Entry Personal Name

Number of records used in: 1

001 - CONTROL NUMBER

  • control field: 153678

003 - CONTROL NUMBER IDENTIFIER

  • control field: DLC

005 - DATE AND TIME OF LATEST TRANSACTION

  • control field: 20260415151108.0

008 - FIXED-LENGTH DATA ELEMENTS

  • fixed length control field: 800818n| azannaabn |a aaa

010 ## - LIBRARY OF CONGRESS CONTROL NUMBER

  • LC control number: n 50050787

035 ## - SYSTEM CONTROL NUMBER

  • System control number: (OCoLC)oca00085805

040 ## - CATALOGING SOURCE

  • Original cataloging agency: DLC
  • Language of cataloging: eng
  • Description conventions: rda
  • Transcribing agency: DLC
  • Modifying agency: DLC
  • Modifying agency: NcU

046 ## - SPECIAL CODED DATES

  • Birth date: 1871-08-03
  • Death date: 1929-06-16
  • Source of date scheme: edtf

100 1# - HEADING--PERSONAL NAME

  • Personal name: Parrington, Vernon Louis,
  • Dates associated with a name: 1871-1929

370 ## - ASSOCIATED PLACE

  • Associated country: United States
  • Source of term: naf

373 ## - ASSOCIATED GROUP

  • Associated group: University of Washington
  • Source of term: naf

377 ## - ASSOCIATED LANGUAGE

  • Language code: eng

400 1# - SEE FROM TRACING--PERSONAL NAME

  • Personal name: Parrington, V. L.
  • Fuller form of name: (Vernon Louis),
  • Dates associated with a name: 1871-1929

670 ## - SOURCE DATA FOUND

  • Source citation: His The Connecticut wits ... c1926.

670 ## - SOURCE DATA FOUND

  • Source citation: Hall, H.L. V.L. Parrington, c1993:
  • Information found: CIP galley (Vernon Louis Parrington)

670 ## - SOURCE DATA FOUND

  • Source citation: Contemporary authors, via Literature resource center WWW site, Dec. 11, 2019
  • Information found: (Vernon L(ouis) Parrington; born August 3, 1871, in Aurora, Ill., died June 16, 1929, in Winchcomb, Gloucestershire, England; educator, historian, and author; College of Emporia, instructor in English and French, 1893-97; University of Oklahoma, instructor in English and modern languages, 1897-98, professor of English, 1898-1908, also the university's first football coach; University of Washington, assistant professor of English, 1908-12, professor of English, 1912-29)
Devinim Yazılım Eğitim Danışmanlık tarafından Koha'nın orjinal sürümü uyarlanarak geliştirilip kurulmuştur.